000 00749nam a2200241Ia 4500
003 OSt
005 20220918110813.0
006 a|||||r|||| 00| 0
007 ta
008 220915b |||||||| |||| 00| 0 hin d
024 _a210583
037 _cReference Collections
040 _aARTS
_cARTS
_bhin
041 _2hin
_ahin
082 _aQ611:1k, 152M3(RR)
100 _aकमल नसीम
245 0 _aग्रीस पुराण कथा कोश
246 _aGrīs purāṇ kathā kosha
260 _aनई दिल्ली
_bअक्षर प्रका0
_c1983
300 _a523पृ0
942 _hQ611:1k, 152M3(RR)
_cREF
999 _c114890
_d114890